000 00305nam a22001337a 4500
003 SGT
020 _a978-93-91735-08-4
082 _a910
_bSRI
100 _aSRIVASTAVA, NISHEETH
245 _aTEXT BOOK OF HOTEL COMMUNICATION
260 _aDELHI
_bNAMAN PUB
_c2018
300 _a293
942 _2ddc
_cBK
_01
999 _c21083
_d21083